Quality of Sheffield and South Yorkshire

Enregistré dans:
Détails bibliographiques
Format: Publication en série
Langue:anglais
Publié: Sheffield Chamber of Commerce
Tags: Ajouter un tag
Pas de tags, Soyez le premier à ajouter un tag!

MARC

LEADER 00000nas1a22000001 4500
001 s120612
005 20041019155346.2
041 0 |a eng 
044 |a GB 
245 1 0 |a Quality of Sheffield and South Yorkshire 
264 1 |a Sheffield  |b Chamber of Commerce